Systemes electoraux des différents peuples (Record no. 88326)

MARC details
000 -LEADER
campo de control de longitud fija 00482nam a2200145 i 4500
001 - NÚMERO DE CONTROL
campo de control 88326
003 - IDENTIFICADOR DE NÚMERO DE CONTROL
campo de control ES-MaACL
007 - CAMPO FIJO DE DESCRIPCIÓN FÍSICA--INFORMACIÓN GENERAL
campo de control de longitud fija t|
008 - DATOS DE LONGITUD FIJA--INFORMACIÓN GENERAL
campo de control de longitud fija 050104s1911 fr ||||1| fre d
100 1# - ENTRADA PRINCIPAL--NOMBRE DE PERSONA
Nombre de persona La Grasserie, Raoul de.
9 (RLIN) 69156
245 10 - MENCIÓN DEL TÍTULO
Título Systemes electoraux des différents peuples
Resto del título : etudes comparative, scientifique et politique /
Mención de responsabilidad, etc. par Raoul de La Grasserie.
260 ## - PUBLICACIÓN, DISTRIBUCIÓN, ETC.
Lugar de publicación, distribución, etc. Paris :
Nombre del editor, distribuidor, etc. [s.n.,
Fecha de publicación, distribución, etc. 1911] (
Fabricante Imp. Soussard et Cia)
300 ## - DESCRIPCIÓN FÍSICA
Extensión 360 p. ;
Dimensiones 21 cm.
852 ## - LOCALIZACIÓN
Ubicación ES-MaACL
Número de control de estantería B-390
Holdings
Estatus retirado Estado de pérdida Estado de daño No para préstamo Biblioteca de origen Biblioteca actual Ubicación en estantería Fecha de adquisición Fuente de adquisición Total de préstamos Signatura topográfica completa Código de barras Visto por última vez Precio de reemplazo Tipo de ítem Koha
        Biblioteca del Ateneo de Madrid Biblioteca del Ateneo de Madrid Sala Pardo Bazán 17/01/2008     B-390 1092266 23/02/2023 23/02/2023 Libro impreso